000 00749nam a22002297a 4500
005 20170124110152.0
010 _aA-351452
020 _c00.00
_a812080421
035 _aA-351452
037 _bCen Lib/Ret
040 _aDPL
_bEN
082 _a181.4
_bNAY
100 _aNayak, G.C.
_934261
245 _aPhilosophical referctions /
_cby G.C. Nayak
260 _aNew Delhi
_bIndian Council of Philosophical Research
_c1987
270 _bNew Delhi
_aUSO house, 6 special institute area, new mahrauli road
_e110067
300 _aviii, 166p.
_c21cm(Hb)
500 _aIncludes bibliographical references and index
650 _aIndian Philosophy
_934262
650 _aIndian origin
_934263
942 _2ddc
_cEN
_h181.4
_mNAY
999 _c132299
_d132299